MARC

LEADER 00000nas a22000007a 4500
001 ssj0012442
003 WaSeSS
005 20200512172242.0
006 m d
007 cr n
008 030113c19119999txumr pss 0 a0eng c
010 |a  2007213050 
022 |a 1936-7791  |l 0032-5929  |y 0032-5929 
035 |a (WaSeSS)ssj0012442 
037 |b Power, P.O. Box 2182, Skokie, IL 60076  |c $59.00  |c $64.00 (Canada)  |c $159.00 (International) 
040 |a HUA  |b eng  |c HUA  |d OCLCQ  |d NSD  |d OCLCQ  |d OCLCF  |d OCLCO  |d OCLCQ  |d WaSeSS 
042 |a pcc  |a nsdp 
082 1 0 |a 621  |2 14 
130 0 |a Power (New York, N.Y. : 1911 : Online) 
222 0 |a Power  |b (New York, N.Y. 1911. Online) 
245 1 0 |a Power  |h [electronic resource]. 
260 |a Houston, Tex. :  |b TradeFair Group Publications 
310 |a Monthly 
362 1 |a Print begain in 1911. 
500 |a The magazine of power generation and plant energy systems. (varies). 
500 |a Print version published 1911-1917: New York : Hill Pub.; 1917-2006, McGraw-Hill. 
506 |a License restrictions may limit access. 
588 |a Latest issue consulted: Vol. 151, no. 1 (Jan. 2007) (surrogate). 
650 0 |a Mechanical engineering  |v Periodicals. 
650 0 |a Machinery  |v Periodicals. 
650 7 |a Machinery.  |2 fast  |0 (OCoLC)fst01004959 
650 7 |a Mechanical engineering.  |2 fast  |0 (OCoLC)fst01013375 
655 0 |a Electronic journals. 
776 1 |t Power (New York, N.Y. : 1911)  |x 0032-5929  |w (DLC)ca 14000402  |w (OCoLC)5763548 
780 0 0 |t Power and the engineer 
780 0 5 |t Operating engineer 
785 0 1 |t Operating engineer 
856 4 0 |z Full text available from Research Library: 01/01/2001 to 10/31/2008  |u https://search.proquest.com/publication/41549